000
00311nam a2200133Ia 4500
005
20251222142031.0
008
251222s9999||||xx |||||||||||||| ||spa||
020
_a
84-305-8185-5
082
_a
932.01/B87
100
_a
Budge, Wallis
245
0
_a
El Lenguaje de los Faraones:
264
_b
Tikal
942
_c
LIB
999
_c
10964
_d
10964